| 000 -ლიდერი |
| ფიქსირებული სიგრძის საკონტროლო ველი |
01736nam a22002417a 4500 |
| 003 - საკონტროლო ნომრის იდენტიფიკატორი |
| საკონტროლო ველი |
Ge_BSU |
| 005 - ბოლო ოპერაციის თარიღი და დრო |
| საკონტროლო ველი |
20190621195709.0 |
| 008 - ფიქსირებული სიგრძის მონაცემთა ელემენტები - ზოგადი ინფორმაცია |
| ფიქსირებული სიგრძის საკონტროლო ველი |
190621b2018 ge ||||| |||| 00| 0 geo d |
| 020 ## - წიგნის საერთაშორისო სტანდარტული ნომერი |
| International Standard Book Number |
15121585 |
| 041 ## - ენის კოდი |
| Language code of text/sound track or separate title |
geo |
| 080 ## - უნივერსალური ათობითი კლასიფიკაციის ინდექსი |
| Universal Decimal Classification number |
94 (73) ა-57 |
| 245 ## - ცნობა სათაურის შესახებ |
| Title |
ამერიკის შესწავლის საკითხები №7 = JOURNAL OF AMERICAN STUDIES / |
| Statement of responsibility, etc |
კრებული : მთ.რედ: ვასილ კაჭარავა ; შელი ფიშერ ფიშკინი. |
| 264 ## - წარმოების, გამოცემის, დისტრიბუციის და სხვა ცნობები |
| გამოცემის, წარმოების, დისტრიბუციის... ადგილი |
თბილისი : |
| გამოცემის, წარმოების, დისტრიბუციის... სახელწოდება |
თბილისის სახელმწიფო უნივერსიტეტი, |
| გამოცემის, წარმოების, დისტრიბუციის... თარიღი |
2018. |
| 300 ## - ფიზიკური აღწერა |
| Extent |
358 გვ .: |
| Dimensions |
24 სმ. |
| 546 ## - LANGUAGE NOTE |
| Language note |
ტექსტი ქართულ და ინგლისურ ენებზე |
| 653 ## - INDEX TERM--UNCONTROLLED |
| Uncontrolled term |
ისტორია, პოლიტიკა, ეკონომიკა ; კულტურა |
| 653 ## - INDEX TERM--UNCONTROLLED |
| Uncontrolled term |
ფილოსოფია, განათლება, სოციალური საკითხები |
| 700 ## - ADDED ENTRY--PERSONAL NAME |
| Personal name |
კაჭარავა, ვასილ |
| Relator term |
მთავარი რედაქტორი |
| 9 (RLIN) |
2774 |
| 700 ## - ADDED ENTRY--PERSONAL NAME |
| Personal name |
ფიშერ ფიშკინი შელი |
| Relator term |
მთავარი რედაქტორი |
| 9 (RLIN) |
2775 |
| 710 ## - ADDED ENTRY--CORPORATE NAME |
| Corporate name or jurisdiction name as entry element |
ივანე ჯავახიშვილის სახელობის თბილისის სახელმწიფო უნივერსიტეტის ამერიკისმცოდნეობის ინსტიტუტი. |
| 9 (RLIN) |
2776 |
| 710 ## - ADDED ENTRY--CORPORATE NAME |
| Corporate name or jurisdiction name as entry element |
ამერიკის შესწავლის საქართველოს ასოციაცია. |
| 9 (RLIN) |
2777 |
| 942 ## - ADDED ENTRY ELEMENTS (KOHA) |
| Source of classification or shelving scheme |
|
| Koha item type |
წიგნი |